000 00461nam a2200169Ia 4500
008 221030s9999 xx 000 0 und d
041 _aEnglish
082 _a105.23
100 _aA. Mehta
245 0 _aTraining Notes on Optimum Utilisation of Electrical Load in Industries
_cby A. Mehta, S. K. Sharma, N. Langer
260 _bMIET
_aJammu
_c2011
300 _a24
650 _aTraining Notes
700 _aN. Langer
700 _aS. K. Sharma
942 _cBK
999 _c9992
_d9992